Every Cobra Kai Character - Statistics

General Stats
  • This quiz has been taken 271 times
  • The average score is 16 of 37
Answer Stats
Hint Answer % Correct
18 18 Miguel
94%
24 24 Johnny
86%
29 29 Sam
85%
4 4 Robby
79%
34 34 Robby
79%
33 33 Tory
76%
9 9 Kreese
67%
25 25 Terry Silver
66%
12 12 Kenny
62%
35 35 Amanda
53%
32 32 Demetri
52%
15 15 Anthony
49%
36 36 Axel
47%
1 1 Carmen
46%
23 23 Kwon
46%
21 21 Chozen
45%
31 31 Zara
44%
19 19 Aisha
40%
27 27 Devon
39%
30 30 Moon
38%
26 26 Kyler
37%
5 5 Bert
34%
14 14 Mitch
32%
7 7 Yoon
32%
28 28 Chris
31%
2 2 Yasmine
30%
6 6 Kim
29%
8 8 Mike
29%
20 20 Shawn
28%
10 10 Stingray
20%
13 13 Rosa
14%
17 17 Brucks
13%
22 22 Ali
11%
11 11 Piper
11%
37 37 Daneil
7%
3 3 Louie
7%
16 16 Rickenberger
7%
No matching quizzes found
Score Distribution
Percent of People with Each Score
Percentile by Number Answered
Your Score History
You have not taken this quiz